The professional practice of Architectural working drawings -- 4th Edition. (Record no. 77249)

MARC details
000 -LEADER
fixed length control field 01422nam a2200253 a 4500
008 - FIXED-LENGTH DATA ELEMENTS--GENERAL INFORMATION
fixed length control field 211026s2012 ||||||||||||||||| || u
020 ## - INTERNATIONAL STANDARD BOOK NUMBER
International Standard Book Number 9781118084151
020 ## - INTERNATIONAL STANDARD BOOK NUMBER
International Standard Book Number 9780470618158
050 ## - LIBRARY OF CONGRESS CALL NUMBER
Classification number NA 2713 Wak
100 ## - MAIN ENTRY--PERSONAL NAME
Personal name Bakhoum, Nagy R
245 14 - TITLE STATEMENT
Title The professional practice of Architectural working drawings -- 4th Edition.
Statement of responsibility, etc. By Osamu Wakita A. ; Nagy Bakhoum R. & Richard Linde M.
250 ## - EDITION STATEMENT
Edition statement 4th edition
260 ## - PUBLICATION, DISTRIBUTION, ETC.
Place of publication, distribution, etc. Canada
Name of publisher, distributor, etc. John Wiley and Sons
Date of publication, distribution, etc. 2012
300 ## - PHYSICAL DESCRIPTION
Extent xiv, 658 pages
650 ## - SUBJECT ADDED ENTRY--TOPICAL TERM
Topical term or geographic name entry element ARCHITECTURE--UNITED STATES
650 ## - SUBJECT ADDED ENTRY--TOPICAL TERM
Topical term or geographic name entry element ARCHITECTURE--DESIGNS AND PLANS--WORKING DRAWINGS
700 ## - ADDED ENTRY--PERSONAL NAME
Personal name Linde, Richard M
700 ## - ADDED ENTRY--PERSONAL NAME
Personal name Wakita, Osamu A
995 ## -
-- SHORT LOAN BOOKS
-- 751408
-- CBU-MAIN LIBRARY (Kitwe)
-- NA 2713 Wak
-- 5
-- AVAILABLE
-- Oct 26, 2021
-- 751408
-- Short Loan Collection
995 ## -
-- MAIN LIBRARY OPEN ACCESS
-- 751405
-- CBU-MAIN LIBRARY (Kitwe)
-- NA 2713 Wak
-- 2
-- AVAILABLE
-- Oct 26, 2021
-- 751405
-- Main Library Open Access Collection
995 ## -
-- SHORT LOAN BOOKS
-- 751407
-- CBU-MAIN LIBRARY (Kitwe)
-- NA 2713 Wak
-- 4
-- AVAILABLE
-- Oct 26, 2021
-- 751407
-- Short Loan Collection
995 ## -
-- MAIN LIBRARY OPEN ACCESS
-- 751406
-- CBU-MAIN LIBRARY (Kitwe)
-- NA 2713 Wak
-- 3
-- AVAILABLE
-- Oct 26, 2021
-- 751406
-- Main Library Open Access Collection
995 ## -
-- MAIN LIBRARY OPEN ACCESS
-- 751404
-- CBU-MAIN LIBRARY (Kitwe)
-- NA 2713 Wak
-- 1
-- AVAILABLE
-- Oct 26, 2021
-- 751404
-- Main Library Open Access Collection
999 ## -
-- 77249
-- 77249
Holdings
Withdrawn status Lost status Source of classification or shelving scheme Damaged status Not for loan Permanent Location Current Location Shelving location Date acquired Total Checkouts Full call number Barcode Date last seen Copy number Price effective from Koha item type Date last checked out
          CBU-MAIN LIBRARY, KITWE. CBU-MAIN LIBRARY, KITWE.   04/25/2023   NA 2713 Wak 751408 04/25/2023 1 04/25/2023 SHORT LOAN COLLECTION  
          CBU-MAIN LIBRARY, KITWE. CBU-MAIN LIBRARY, KITWE.   04/25/2023 3 NA 2713 Wak 751405 08/20/2024 2 04/25/2023 MONOGRAPH 08/06/2024
          CBU-MAIN LIBRARY, KITWE. CBU-MAIN LIBRARY, KITWE.   04/25/2023   NA 2713 Wak 751407 04/25/2023 3 04/25/2023 SHORT LOAN COLLECTION  
          CBU-MAIN LIBRARY, KITWE. CBU-MAIN LIBRARY, KITWE.   04/25/2023 6 NA 2713 Wak 751406 02/20/2026 4 04/25/2023 MONOGRAPH 02/06/2026
          CBU-MAIN LIBRARY, KITWE. CBU-MAIN LIBRARY, KITWE.   04/25/2023 5 NA 2713 Wak 751404 07/25/2025 5 04/25/2023 MONOGRAPH 07/11/2025